{"text_format":"3","workbook":"xlsx","n_sheets":1,"sheets":["Лист1"],"read":"whole","date_system":"1900"}

{"sheet":"Лист1","index":0,"n_rows":121,"n_cols":21,"rows_kept":121}
["№","Код участника","Название ОУ","СНИЛС","Фамилия","Имя","Отчество","Пол","Дата рождения","Участник с ОВЗ","Класс","Класс участия","Балл","Добавлено баллов по итогам апелляции","Итоговый балл","Макс. балл","Статус","Призер МЭ прошлого года","Учитель","Место работы учителя","Предмет"]
[1,2,3,4,5,6,7,8,9,10,11,12,13,14,15,16,17,18,19,20,21]
[1,"134001_17535967312_34","МБОУ \"Актанышская СОШ №1\"",17535967312,"Закирова","Малика","Мударисовна","ж","28.12.2012","нет",4,4,0,null,0,100,"участник","нет","Галиева Люция Глусовна","МБОУ \"Актанышская СОШ №1\"","Математика"]
[2,"134001_17885451934_34","МБОУ \"Актанышская СОШ №1\"",17885451934,"Махмутянов","Данил","Рузилевич","м","09.10.2013","нет",4,4,10,null,10,100,"участник","нет","Галиева Люция Глусовна","МБОУ \"Актанышская СОШ №1\"","Математика"]
[3,"134001_17846692937_34","МБОУ \"Актанышская СОШ №1\"",17846692937,"Ситдиков","Динислам","Русланович","м","12.02.2013","нет",4,4,5,null,5,100,"участник","нет","Галиева Люция Глусовна","МБОУ \"Актанышская СОШ №1\"","Математика"]
[4,"134002_17710296066_34","МБОУ \"Актанышская СОШ №2 с углубленным изучением отдельных предметов\"",17710296066,"Саматова","Алина","Азатовна","ж","07.06.2013","нет",4,4,35,null,35,100,"участник","нет","Хасанова Алия Зуфаковна","МБОУ \"Актанышская СОШ №2 с углубленным изучением отдельных предметов\"","Математика"]
[5,"134002_17839221503_34","МБОУ \"Актанышская СОШ №2 с углубленным изучением отдельных предметов\"",17839221503,"Булатова","Амина","Ильнаровна","ж","04.09.2013","нет",4,4,5,null,5,100,"участник","нет","Хасанова Алия Зуфаковна","МБОУ \"Актанышская СОШ №2 с углубленным изучением отдельных предметов\"","Математика"]
[6,"134002_17858911838_34","МБОУ \"Актанышская СОШ №2 с углубленным изучением отдельных предметов\"",17858911838,"Гараева","Айсина","Насиховна","ж","26.09.2013","нет",4,4,10,null,10,100,"участник","нет","Хасанова Алия Зуфаковна","МБОУ \"Актанышская СОШ №2 с углубленным изучением отдельных предметов\"","Математика"]
[7,"134002_17899451859_34","МБОУ \"Актанышская СОШ №2 с углубленным изучением отдельных предметов\"",17899451859,"Тимиров","Вильдан","Фидарисович","м","03.11.2013","нет",4,4,55,null,55,100,"призер","нет","Гусманова Дания Гилемовна","МБОУ \"Актанышская СОШ №2 с углубленным изучением отдельных предметов\"","Математика"]
[8,"134002_17535154170_34","МБОУ \"Актанышская СОШ №2 с углубленным изучением отдельных предметов\"",17535154170,"Шагалиева","Язиля","Айратовна","ж","18.01.2013","нет",4,4,10,null,10,100,"участник","нет","Гусманова Дания Гилемовна","МБОУ \"Актанышская СОШ №2 с углубленным изучением отдельных предметов\"","Математика"]
[9,"134002_17891681937_34","МБОУ \"Актанышская СОШ №2 с углубленным изучением отдельных предметов\"",17891681937,"Яхина","Зиля","Рустемовна","ж","20.10.2013","нет",4,4,40,null,40,100,"участник","нет","Гусманова Дания Гилемовна","МБОУ \"Актанышская СОШ №2 с углубленным изучением отдельных предметов\"","Математика"]
[10,"134002_17598673144_34","МБОУ \"Актанышская СОШ №2 с углубленным изучением отдельных предметов\"",17598673144,"Бадершаехов","Фанис","Финусович","м","08.03.2013","нет",4,4,15,null,15,100,"участник","нет","Ракипова Рамзия Хасановна","МБОУ \"Актанышская СОШ №2 с углубленным изучением отдельных предметов\"","Математика"]
[11,"134002_17642804282_34","МБОУ \"Актанышская СОШ №2 с углубленным изучением отдельных предметов\"",17642804282,"Хусаенов","Аяз","Эльвардович","м","15.04.2013","нет",4,4,13,null,13,100,"участник","нет","Сибгатуллина Алиса Ильфаровна","МБОУ \"Актанышская СОШ №2 с углубленным изучением отдельных предметов\"","Математика"]
[12,"134005_17584167406_34","МБОУ \"Бугадинская основная общеобразовательная школа\" ",17584167406,"Арсланова","Адиля","Айратовна","ж","2013-03-07","нет",4,4,20,null,20,100,"участник","нет","Фаттахова Лениза Динависовна","МБОУ \"Бугадинская основная общеобразовательная школа\" ","Математика"]
[13,"134003_17787271127_34","ГАОУ \"Гуманитарная гимназия-интернат для одаренных детей\"",17787271127,"Хабирова","Диляра","Рузилевна","ж","10.03.2013","нет",4,4,15,null,15,100,"участник","нет","Галлямова Лилия Васиковна","ГАОУ \"Гуманитарная гимназия-интернат для одаренных детей\"","Математика"]
[14,"134003_17628788934_34","ГАОУ \"Гуманитарная гимназия-интернат для одаренных детей\"",17628788934,"Мирзаева","Гульяз","Ильдусовна","ж","30.03.2013","нет",4,4,37,null,37,100,"участник","нет","Галлямова Лилия Васиковна","ГАОУ \"Гуманитарная гимназия-интернат для одаренных детей\"","Математика"]
[15,"134003_17516563887_34","ГАОУ \"Гуманитарная гимназия-интернат для одаренных детей\"",17516563887,"Имамова","Румия","Тимуровна","ж","23.12.2013","нет",4,4,50,null,50,100,"призер","нет","Галлямова Лилия Васиковна","ГАОУ \"Гуманитарная гимназия-интернат для одаренных детей\"","Математика"]
[16,"134003_17636551293_34","ГАОУ \"Гуманитарная гимназия-интернат для одаренных детей\"",17636551293,"Гусманова","Амелия","Булатовна","ж","14.03.2013","нет",4,4,15,null,15,100,"участник","нет","Галлямова Лилия Васиковна","ГАОУ \"Гуманитарная гимназия-интернат для одаренных детей\"","Математика"]
[17,"134003_17640120141_34","ГАОУ \"Гуманитарная гимназия-интернат для одаренных детей\"",17640120141,"Галиуллин","Ильфат","Филусович","м","03.04.2013","нет",4,4,10,null,10,100,"участник","нет","Зиннурова Айгуль Данисовна","ГАОУ \"Гуманитарная гимназия-интернат для одаренных детей\"","Математика"]
[18,"134003_17586869044_34","ГАОУ \"Гуманитарная гимназия-интернат для одаренных детей\"",17586869044,"Ахмадгалиев","Раяз","Ниязович","м","18.02.2013","нет",4,4,5,null,5,100,"участник","нет","Зиннурова Айгуль Данисовна","ГАОУ \"Гуманитарная гимназия-интернат для одаренных детей\"","Математика"]
[19,"134003_17947344825_34","ГАОУ \"Гуманитарная гимназия-интернат для одаренных детей\"",17947344825,"Шарипов","Бахтияр","Ленарович","м","11.12.2013","нет",4,4,25,null,25,100,"участник","нет","Зиннурова Айгуль Данисовна","ГАОУ \"Гуманитарная гимназия-интернат для одаренных детей\"","Математика"]
[20,"134003_17427105053_34","ГАОУ \"Гуманитарная гимназия-интернат для одаренных детей\"",17427105053,"Шакирзянова","Сафия","Ильнуровна","ж","27.10.2012","нет",4,4,25,null,25,100,"участник","нет","Зиннурова Айгуль Данисовна","ГАОУ \"Гуманитарная гимназия-интернат для одаренных детей\"","Математика"]
[21,"134003_17643853805_34","ГАОУ \"Гуманитарная гимназия-интернат для одаренных детей\"",17643853805,"Ризванов","Булат","Ренатович","м","13.04.2013","нет",4,4,38,null,38,100,"участник","нет","Хуббутдинова Дилара Дугласовна","ГАОУ \"Гуманитарная гимназия-интернат для одаренных детей\"","Математика"]
[22,"134003_17535153976_34","ГАОУ \"Гуманитарная гимназия-интернат для одаренных детей\"",17535153976,"Гибадуллина","Тимур","Альфредович","м","18.01.2013","нет",4,4,30,null,30,100,"участник","нет","Хуббутдинова Дилара Дугласовна","ГАОУ \"Гуманитарная гимназия-интернат для одаренных детей\"","Математика"]
[23,134025,"МБОУ \"Новоалимовская ООШ\"",17897808763,"Индаев","Салих","Индаевич","м","2013-09-16","нет",4,4,45,null,45,100,"участник","нет","Нургалиева Лениза Закиевна","МБОУ \"Новоалимовская ООШ\"","Математика"]
[24,"134010_17573135079_34","МБОУ \"Поисевская СОШ\" ","17573135079","Хоснетдинов","Рустам","Альбертович","м","2013-02-23","нет",4,4,25,null,25,100,"участник","нет","Давлетова Зульфия Фоатовна","МБОУ \"Поисевская СОШ\" ","Математика"]
[25,"134010_17781984033_","МБОУ \"Поисевская СОШ\"","17781984033","Кашапова","Зиля","Табрисовна","ж","2013-07-31","нет",4,4,30,null,30,100,"участник","нет","Давлетова Зульфия Фоатовна","МБОУ \"Поисевская СОШ\"","Математика"]
[26,"134008_17586869650_34","МБОУ \"Сафаровская СОШ\"",17586869650,"Ханипов","Айбулат","Флоридович","м","20.02.2013","нет",4,4,10,null,10,100,"участник","нет","Нургалиев Ахсан Азгарович","МБОУ \"Сафаровская СОШ\"","Математика"]
[27,"134011_17663045584_34","МБОУ \"Татарско-Суксинская средняя общеобразовательная школа\" ",17663045584,"Баянов","Ильфир","Фирдависович","м","25.04.2013","нет",4,4,45,null,45,100,"участник","нет","Гильманова Рина Муллануровна","МБОУ \"Татарско-Суксинская СОШ\" ","Математика"]
[28,"134012_17768079835_34","МБОУ \"Такталачукская ООШ\"","17768079835","Хурматуллин"," Ренат ","Робертович","м","27.06.2013","нет",4,4,15,null,15,100,"участник","нет","Исламова Алсу Фанусовна","МБОУ \"Такталачукская ООШ\"","Математика"]
[29,"134028_17500170226_34","МБОУ \"Татарско-Ямалинская основная общеобразовательная школа\" ",17500170226,"Харисов","Нурислам","Назилович","м","01.01.2013","нет",4,4,40,null,40,100,"участник","да","Мухтарова Альфия Аскаровна","МБОУ \"Татарско-Ямалинская ООШ\" ","Математика"]
[30,"134029_17251001217_34","МБОУ \"Бугадинская ООШ\" ",17251001217,"Арсланов","Рузаль","Инзирович","м","1905-07-05","нет",5,5,0,null,0,100,"участник","нет","Фардиева Лайля Рифкатовна","МБОУ «Тлякеевская ООШ» ","Математика"]
[31,"134003_17061138842_34","ГАОУ \"Гуманитарная гимназия-интернат для одаренных детей\"",17061138842,"Шакиров","Лимар","Ильгамович","м","08.02.2012","нет",5,5,27,null,27,100,"участник","нет","Валиева Земфия Гильфановна","ГАОУ \"Гуманитарная гимназия-интернат для одаренных детей\"","Математика"]
[32,"134003_16821243055_34","ГАОУ \"Гуманитарная гимназия-интернат для одаренных детей\"",16821243055,"Абударов","Адель","Зульфатович","м","11.08.2011","нет",5,5,42,null,42,100,"участник","да","Хазиева Рамиля Адиповна","ГАОУ \"Гуманитарная гимназия-интернат для одаренных детей\"","Математика"]
[33,"134003_17535153774_34","ГАОУ \"Гуманитарная гимназия-интернат для одаренных детей\"",17535153774,"Сабиров","Самир","Ренатович","м","22.01.2013","нет",5,5,22,null,22,100,"участник","нет","Валиева Земфия Гильфановна","ГАОУ \"Гуманитарная гимназия-интернат для одаренных детей\"","Математика"]
[34,"134003_17500170428_34","ГАОУ \"Гуманитарная гимназия-интернат для одаренных детей\"",17500170428,"Валиев","Юнус","Ленисович","м","16.12.2012","нет",5,5,40,null,40,100,"участник","нет","Хазиева Рамиля Адиповна","ГАОУ \"Гуманитарная гимназия-интернат для одаренных детей\"","Математика"]
[35,"134003_17432309353_34","ГАОУ \"Гуманитарная гимназия-интернат для одаренных детей\"",17432309353,"Галиев","Аяз","Илюсович","м","10.10.2012","нет",5,5,22,null,22,100,"участник","нет","Хазиева Рамиля Адиповна","ГАОУ \"Гуманитарная гимназия-интернат для одаренных детей\"","Математика"]
[36,"134003_17352446570_34","ГАОУ \"Гуманитарная гимназия-интернат для одаренных детей\"",17352446570,"Хакимов","Самат","Алмазович","м","18.08.2012","нет",5,5,40,null,40,100,"участник","нет","Валиева Земфия Гильфановна","ГАОУ \"Гуманитарная гимназия-интернат для одаренных детей\"","Математика"]
[37,"132013_17379964639_34","ГБОУ \"Актанышская кадетская школа-интернат им.Х.Заманова\"",17379964639,"Ганиев","Илья","Ринатович","м","23.09.2012","нет",5,5,10,null,10,100,"участник","нет","Мисбахова Радмила Райловна","ГБОУ \"Актанышская кадетская школа-интернат им.Х.Заманова\"","Математика"]
[38,"132013_16513804052_34","ГБОУ \"Актанышская кадетская школа-интернат им.Х.Заманова\"",16513804052,"Насибуллин","Салават","Ильшатович","м","23.09.2012","нет",5,5,0,null,0,100,"участник","нет","Мисбахова Радмила Райловна","ГБОУ \"Актанышская кадетская школа-интернат им.Х.Заманова\"","Математика"]
[39,"132013_17447832803_34","ГБОУ \"Актанышская кадетская школа-интернат им.Х.Заманова\"",17447832803,"Завьялов","Андрей","Михайлович","м","29.10.2012","нет",5,5,0,null,0,100,"участник","нет","Шакирова Роза Ришатовна","ГБОУ \"Актанышская кадетская школа-интернат им.Х.Заманова\"","Математика"]
[40,"132013_17370837486_34","ГБОУ \"Актанышская кадетская школа-интернат им.Х.Заманова\"",17370837486,"Ярков","Артём","Александрович","м","29.05.2012","нет",5,5,10,null,10,100,"участник","нет","Шакирова Роза Ришатовна","ГБОУ \"Актанышская кадетская школа-интернат им.Х.Заманова\"","Математика"]
[41,"134001_16952855318_34","МБОУ \"Актанышская СОШ №1\"",16952855318,"Султанова","Алия","Филюсовна","ж","21.11.2011","нет",5,5,5,null,5,100,"участник","да","Шамсутдинова Фарида Рафиковна","МБОУ \"Актанышская СОШ №1\"","Математика"]
[42,"134001_17014647242_34","МБОУ \"Актанышская СОШ №1\"",17014647242,"Хисаева","Илина","Феликсовна","ж","25.01.2012","нет",5,5,25,null,25,100,"участник","нет","Шамсутдинова Фарида Рафиковна","МБОУ \"Актанышская СОШ №1\"","Математика"]
[43,"134001_17417976102_34","МБОУ \"Актанышская СОШ №1\"",17417976102,"Тузбекова","Залина","Ильнуровна","ж","17.10.2012","нет",5,5,2,null,2,100,"участник","нет","Гареева Луиза Ильдаровна","МБОУ \"Актанышская СОШ №1\"","Математика"]
[44,"134001_16964715419_34","МБОУ \"Актанышская СОШ №1\"",16964715419,"Каюмов","Булат","Алмазович","м","06.12.2011","нет",5,5,22,null,22,100,"участник","да","Гареева Луиза Ильдаровна","МБОУ \"Актанышская СОШ №1\"","Математика"]
[45,"134001_17063213941_34","МБОУ \"Актанышская СОШ №1\"",17063213941,"Хазиева","Лейсан","Руслановна","ж","28.02.2012","нет",5,5,32,null,32,100,"участник","нет","Гареева Луиза Ильдаровна","МБОУ \"Актанышская СОШ №1\"","Математика"]
[46,"134002_20368084551_34","МБОУ \"Актанышская СОШ №2 с углубленным изучением отдельных предметов\"",20368084551,"Сапаева","Шахризода","Азаматовна","ж","15.06.2012","нет",5,5,20,null,20,100,"участник","нет","Бакиров Рузиль Флоридович","МБОУ \"Актанышская СОШ №2 с углубленным изучением отдельных предметов\"","Математика"]
[47,"134002_17282815788_34","МБОУ \"Актанышская СОШ №2 с углубленным изучением отдельных предметов\"",17282815788,"Миркасимова","Азиза","Азатовна","ж","20.06.2012","нет",5,5,10,null,10,100,"участник","нет","Бакиров Рузиль Флоридович","МБОУ \"Актанышская СОШ №2 с углубленным изучением отдельных предметов\"","Математика"]
[48,"134002_17520206839_34","МБОУ \"Актанышская СОШ №2 с углубленным изучением отдельных предметов\"",17520206839,"Насипова","Илина","Ильнуровна","ж","22.09.2012","нет",5,5,40,null,40,100,"участник","нет","Хузина Рамиля Фаттаховна","МБОУ \"Актанышская СОШ №2 с углубленным изучением отдельных предметов\"","Математика"]
[49,"134002_17203995672_34","МБОУ \"Актанышская СОШ №2 с углубленным изучением отдельных предметов\"",17203995672,"Гареева","Камиля","Айратовна","ж","09.05.2012","нет",5,5,12,null,12,100,"участник","нет","Хузина Рамиля Фаттаховна","МБОУ \"Актанышская СОШ №2 с углубленным изучением отдельных предметов\"","Математика"]
[50,"134002_17101440307_34","МБОУ \"Актанышская СОШ №2 с углубленным изучением отдельных предметов\"",17101440307,"Микаелян","Андраник","Ромикович","ж","07.03.2012","нет",5,5,20,null,20,100,"участник","нет","Закирова Рамиля Марсовна","МБОУ \"Актанышская СОШ №2 с углубленным изучением отдельных предметов\"","Математика"]
[51,"134002_17199209904_34","МБОУ \"Актанышская СОШ №2 с углубленным изучением отдельных предметов\"",17199209904,"Набиев","Амир","Айнурович","м","24.04.2012","нет",5,5,40,null,40,100,"участник","нет","Закирова Рамиля Марсовна","МБОУ \"Актанышская СОШ №2 с углубленным изучением отдельных предметов\"","Математика"]
[52,"134002_16861554601_34","МБОУ \"Актанышская СОШ №2 с углубленным изучением отдельных предметов\"",16861554601,"Хазиев","Халил","Халимович","м","04.10.2011","нет",5,5,0,null,0,100,"участник","нет","Закирова Рамиля Марсовна","МБОУ \"Актанышская СОШ №2 с углубленным изучением отдельных предметов\"","Математика"]
[53,"134018_17192690894_34","МБОУ \"Атясевская ООШ\"",17192690894,"Гиздатуллина","Алина","Камилевна","ж","2012-05-01","нет",5,5,15,null,15,100,"участник","нет","Фатихова Дания Ахтямовна","МБОУ \"Атясевская ООШ\"","Математика"]
[54,"134018_17297734213_34","МБОУ \"Атясевская ООШ\"",17297734213,"Зямилов ","Нафис","Айнурович","ж","2012-07-05","нет",5,5,15,null,15,100,"участник","нет","Фатихова Дания Ахтямовна","МБОУ \"Атясевская ООШ\"","Математика"]
[55,"134004_17550244663_34","МБОУ \"Байсаровская ООШ\"  ","17550244663","Султанов ","Аскар","Аксанович","м","2013-02-04","нет",5,5,52,null,52,100,"призер","нет","Разова Римма Миргаязовна","МБОУ \"Байсаровская ООШ\"  ","Математика"]
[56,"134005_17224095552_34","МБОУ \"Бугадинская ООШ\" ",17224095552,"Шулбаева","Лейсан","Руслановна","ж","2012-05-30","нет",5,5,10,null,10,100,"участник","нет","Фардиева Лайля Рифкатовна","МБОУ \"Бугадинская ООШ\" ","Математика"]
[57,"134020_17215845568_34","МБОУ \"Верхнеяхшеевская ООШ\" ","17215845568","Мусина","Лиана","Ильнаровна","ж","16.05.2012","нет",5,5,0,null,0,100,"участник","да","Саматов Азат Наизович","МБОУ \"Верхнеяхшеевская ООШ\" ","Математика"]
[58,"134006_16948543525_34","МБОУ \"Кировская СОШ\"",16948543525,"Ибрагимова","Азалия","Ильшатовна","ж","25.11.2011","нет",5,5,27,null,27,100,"участник","да","Имамова Рузиля Хазиповна","МБОУ \"Кировская СОШ\"","Математика"]
[59,"134006_17279634510_34","МБОУ \"Кировская СОШ\"",17279634510,"Сагбетдинова","Юлианна","Самантовна","ж","10.06.2012","нет",5,5,2,null,2,100,"участник","нет","Имамова Рузиля Хазиповна","МБОУ \"Кировская СОШ\"","Математика"]
[60,"134006_17038284971_34","МБОУ \"Кировская СОШ\"",17038284971,"Исламова","Амина","Айдаровна","ж","24.01.2012","нет",5,5,0,null,0,100,"участник","нет","Имамова Рузиля Хазиповна","МБОУ \"Кировская СОШ\"","Математика"]
[61,"134006_17279634611_34","МБОУ \"Кировская СОШ\"",17279634611,"Сабирова","Чулпан","Ильнаровна","ж","18.06.2012","нет",5,5,10,null,10,100,"участник","да","Имамова Рузиля Хазиповна","МБОУ \"Кировская СОШ\"","Математика"]
[62,"134023_17001002074_34","МБОУ \"Кузякинская ООШ\"",17001002074,"Хазиева","Камиля","Рафисовна","ж","17.01.2012","нет",5,5,0,null,0,100,"участник","нет","Хабибуллина Аниса Тависовна","МБОУ \"Кузякинская ООШ\"","Математика"]
[63,"132007_17251001722_34","МБОУ \"Мари-Суксинская ООШ\" ","17251001722","Зянкин ","Александр","Васильевич","м","2012-05-28","нет",5,5,0,null,"0",100,"участник","нет","Галиуллина Наиля Ингеловна","МБОУ \"Мари-Суксинская ООШ\" ","Математика"]
[64,"134012_17426836693_34","МБОУ \"Такталачукская ООШ\"",17426836693,"Фаррахов"," Айназ ","Рамисович","м","2012-10-13","нет",5,5,25,null,25,100,"участник","нет","Гильфанова Алсу Махияновна","МБОУ \"Такталачукская ООШ\"","Математика"]
[65,"134012_17270238154_34","МБОУ \"Такталачукская ООШ\"",17270238154,"Имамов"," Рамис ","Булатович","м","2012-05-04","нет",5,5,20,null,20,100,"участник","нет","Гильфанова Алсу Махияновна","МБОУ \"Такталачукская ООШ\"","Математика"]
[66,"134011_17276233982_34","МБОУ \"Татарско-Суксинская СОШ\" ",17276233982,"Хайбрахманов","Риназ","Фанзилович","м","25.06.2012","нет",5,5,20,null,20,100,"участник","нет","Гильманова Рина Муллануровна","МБОУ \"Татарско-Суксинская СОШ\" ","Математика"]
[67,"134028_17196759318_34","МБОУ \"Татарско-Ямалинская ООШ\" ",17196759318,"Сабиров","Ильдар","Юсупович","м","22.04.2012","нет",5,5,5,null,5,100,"участник","нет","Гардисламова Флюда Мирзовна","МБОУ \"Татарско-Ямалинская ООШ\" ","Математика"]
[68,"134010_17343900666_","МБОУ \"Поисевская СОШ\"","17343900666","Велиханов ","Тимур","Расимович","м","2012-02-08","нет",5,5,15,null,15,100,"участник","нет","Хабетдинова Альфира Рифкатовна","МБОУ \"Поисевская СОШ\"","Математика"]
[69,"134010_17038286773_34","МБОУ \"Поисевская СОШ\"","17038286773","Салихова","Дина","Фаннуровна","ж","2012-01-31","нет",5,5,0,null,0,100,"участник","нет","Хабетдинова Альфира Рифкатовна","МБОУ \"Поисевская СОШ\"","Математика"]
[70,"134004_17316163655_34","МБОУ \"Байсаровская ООШ\"  ","17316163655","Сафиуллин","Гумер","Рустемович","м","2012-07-26","нет",5,"5",7,null,7,100,"участник","нет","Разова Римма Миргаязовна","МБОУ \"Байсаровская ООШ\"  ","Математика"]
[71,"134001_17663044986_34","МБОУ \"Актанышская СОШ №1\"",17663044986,"Гарифянова","Гузель","Фагимовна","ж","2013-04-22","нет",5,"5",15,null,15,100,"участник","нет","Атнагулова Елена Альбертовна","МБОУ \"Актанышская СОШ №1\"","Математика"]
[72,"134001_17279634813_34","МБОУ \"Актанышская СОШ №1\"",17279634813,"Хафизов","Идель","Фандависович","м","2012-06-21","нет",5,"5",35,null,35,100,"участник","нет","Атнагулова Елена Альбертовна","МБОУ \"Актанышская СОШ №1\"","Математика"]
[73,134025,"МБОУ \"Новоалимовская ООШ\"",16391845090,"Муллахметов ","Рамис","Радисович","м","2012-11-06","нет",5,"5",15,null,15,100,"участник","нет","Якупова Фидания Ягудовна","МБОУ \"Новоалимовская ООШ\"","Математика"]
[74,"134024_17105046424_34","МБОУ \"Минняровская ООШ\"","17105046424","Григорчук","Алина","Вадимовна","ж","2012-03-01","нет",5,"5",10,null,10,100,"участник","нет","Камалова Милауша Наиловна","МБОУ \"Минняровская ООШ\"","Математика"]
[75,"134001_17132569661_34","МБОУ \"Актанышская СОШ №1\"",17132569661,"Абзалова","Камиля","Рамилевна","ж","2012-03-19","нет",5,"5",27,null,27,100,"участник","нет","Гареева Луиза Ильдаровна","МБОУ \"Актанышская СОШ №1\"","Математика"]
[76,"134003_17145014435_34","ГАОУ \"Гуманитарная гимназия-интернат для одаренных детей\"",17145014435,"Галиев","Самир","Сиринатович","м","05.07.2011","нет",6,6,30,null,30,100,"участник","нет","Фардиева Регина Равилевна","ГАОУ \"Гуманитарная гимназия-интернат для одаренных детей\"","Математика"]
[77,"134003_16506110432_34","ГАОУ \"Гуманитарная гимназия-интернат для одаренных детей\"",16506110432,"Шакурова","Диляра","Фаварисовна","ж","08.04.2011","нет",6,6,20,null,20,100,"участник","нет","Фардиева Регина Равилевна","ГАОУ \"Гуманитарная гимназия-интернат для одаренных детей\"","Математика"]
[78,"134003_16874002381_34","ГАОУ \"Гуманитарная гимназия-интернат для одаренных детей\"",16874002381,"Ямалова","Азалия","Филарисовна","ж","06.10.2011","нет",6,6,25,null,25,100,"участник","да","Фардиева Регина Равилевна","ГАОУ \"Гуманитарная гимназия-интернат для одаренных детей\"","Математика"]
[79,"134003_17227793995_34","ГАОУ \"Гуманитарная гимназия-интернат для одаренных детей\"",17227793995,"Рахимов","Булат","Рузилевич","м","11.11.2010","нет",6,6,13,null,13,100,"участник","нет","Фардиева Регина Равилевна","ГАОУ \"Гуманитарная гимназия-интернат для одаренных детей\"","Математика"]
[80,"134003_16868076121_34","ГАОУ \"Гуманитарная гимназия-интернат для одаренных детей\"",16868076121,"Ахметов","Рияз","Ильназович","м","02.10.2011","нет",6,6,45,null,45,100,"участник","нет","Фардиева Регина Равилевна","ГАОУ \"Гуманитарная гимназия-интернат для одаренных детей\"","Математика"]
[81,"134003_16485159801_34","ГАОУ \"Гуманитарная гимназия-интернат для одаренных детей\"",16485159801,"Бакиров","Раиль","Радикович","м","04.04.2011","нет",6,6,60,null,60,100,"призер","да","Фардиева Регина Равилевна","ГАОУ \"Гуманитарная гимназия-интернат для одаренных детей\"","Математика"]
[82,"134003_17083579187_34","ГАОУ \"Гуманитарная гимназия-интернат для одаренных детей\"",17083579187,"Садыков","Динис","Ильназович","м","16.01.2012","нет",6,6,47,null,47,100,"участник","нет","Валиева Земфия Гильфановна","ГАОУ \"Гуманитарная гимназия-интернат для одаренных детей\"","Математика"]
[83,"134003_16352938280_34","ГАОУ \"Гуманитарная гимназия-интернат для одаренных детей\"",16352938280,"Шайхразиев","Разиль","Рузилевич","м","08.12.2010","нет",6,6,25,null,25,100,"участник","нет","Валиева Земфия Гильфановна","ГАОУ \"Гуманитарная гимназия-интернат для одаренных детей\"","Математика"]
[84,"134003_16861554400_34","ГАОУ \"Гуманитарная гимназия-интернат для одаренных детей\"",16861554400,"Шаймарданов","Раян","Айзатович","м","14.10.2011","нет",6,6,5,null,5,100,"участник","нет","Валиева Земфия Гильфановна","ГАОУ \"Гуманитарная гимназия-интернат для одаренных детей\"","Математика"]
[85,"134003_16430183137_34","ГАОУ \"Гуманитарная гимназия-интернат для одаренных детей\"",16430183137,"Маликов","Раяз","Ильназович","м","21.02.2011","нет",6,6,65,null,65,100,"победитель","да","Фардиева Регина Равилевна","ГАОУ \"Гуманитарная гимназия-интернат для одаренных детей\"","Математика"]
[86,"134003_16632349775_34","ГАОУ \"Гуманитарная гимназия-интернат для одаренных детей\"",16632349775,"Анамов","Ахмад","Дильшатович","м","14.04.2011","нет",6,6,15,null,15,100,"участник","нет","Фардиева Регина Равилевна","ГАОУ \"Гуманитарная гимназия-интернат для одаренных детей\"","Математика"]
[87,"134003_17292121963_34","ГАОУ \"Гуманитарная гимназия-интернат для одаренных детей\"",17292121963,"Гильметдинова","Тансылу","Маратовна","ж","03.04.2011","нет",6,6,22,null,22,100,"участник","да","Фардиева Регина Равилевна","ГАОУ \"Гуманитарная гимназия-интернат для одаренных детей\"","Математика"]
[88,"134003_21612057517_34","ГАОУ \"Гуманитарная гимназия-интернат для одаренных детей\"",21612057517,"Салахова","Валерия","Вильдановна","з","20.09.2011","нет",6,6,33,null,33,100,"участник","нет","Фардиева Регина Равилевна","ГАОУ \"Гуманитарная гимназия-интернат для одаренных детей\"","Математика"]
[89,"134003_16657181497_34","ГАОУ \"Гуманитарная гимназия-интернат для одаренных детей\"",16657181497,"Гайнуллина","Залия","Ильсуровна","з","05.06.2011","нет",6,6,28,null,28,100,"участник","нет","Фардиева Регина Равилевна","ГАОУ \"Гуманитарная гимназия-интернат для одаренных детей\"","Математика"]
[90,"132013_16821243358_34","ГБОУ \"Актанышская кадетская школа-интернат им.Х.Заманова\"",16821243358,"Шакиров","Рамазан","Фирдависович","м","26.08.2011","нет",6,6,30,null,30,100,"участник","нет","Маликов Ильназ Фанисович","ГБОУ \"Актанышская кадетская школа-интернат им.Х.Заманова\"","Математика"]
[91,"132013_16893239419_34","ГБОУ \"Актанышская кадетская школа-интернат им.Х.Заманова\"",16893239419,"Мардиев","Арсен","Айнурович","м","19.10.2011","нет",6,6,26,null,26,100,"участник","нет","Маликов Ильназ Фанисович","ГБОУ \"Актанышская кадетская школа-интернат им.Х.Заманова\"","Математика"]
[92,"132013_16947162912_34","ГБОУ \"Актанышская кадетская школа-интернат им.Х.Заманова\"",16947162912,"Гильманов","Марсель","Русланович","м","24.11.2011","нет",6,6,20,null,20,100,"участник","нет","Маликов Ильназ Фанисович","ГБОУ \"Актанышская кадетская школа-интернат им.Х.Заманова\"","Математика"]
[93,"134001_16863706002_34","МБОУ \"Актанышская СОШ №1\"",16863706002,"Анваров","Гадель","Ильфирович","м","27.09.2011","нет",6,6,10,null,10,100,"участник","нет","Закиева Гузалия Билаловна","МБОУ \"Актанышская СОШ №1\"","Математика"]
[94,"134001_16697292328_34","МБОУ \"Актанышская СОШ №1\"",16697292328,"Галиева","Замира","Ильнуровна","ж","14.05.2011","нет",6,6,27,null,27,100,"участник","нет","Закиева Гузалия Билаловна","МБОУ \"Актанышская СОШ №1\"","Математика"]
[95,"134001_16407939689_34","МБОУ \"Актанышская СОШ №1\"",16407939689,"Гилязова","Ясмина","Аязовна","ж","03.02.2011","нет",6,6,40,null,40,100,"участник","да","Закиева Гузалия Билаловна","МБОУ \"Актанышская СОШ №1\"","Математика"]
[96,"134001_16472382076_34","МБОУ \"Актанышская СОШ №1\"",16472382076,"Гимадиев","Булат","Айратович","м","10.03.2011","нет",6,6,5,null,5,100,"участник","да","Закиева Гузалия Билаловна","МБОУ \"Актанышская СОШ №1\"","Математика"]
[97,"134001_16905460987_34","МБОУ \"Актанышская СОШ №1\"",16905460987,"Закирова","Джамиля","Риназовна","ж","06.11.2011","нет",6,6,37,null,37,100,"участник","да","Закиева Гузалия Билаловна","МБОУ \"Актанышская СОШ №1\"","Математика"]
[98,"134002_16224107222_34","МБОУ \"Актанышская СОШ №2 с углубленным изучением отдельных предметов\"",16224107222,"Фасхиев","Ильгизар","Фидарисович","м","18.09.2010","нет",6,6,60,null,60,100,"призер","нет","Бакиров Рузиль Флоридович","МБОУ \"Актанышская СОШ №2 с углубленным изучением отдельных предметов\"","Математика"]
[99,"134002_16316324241_34","МБОУ \"Актанышская СОШ №2 с углубленным изучением отдельных предметов\"",16316324241,"Ризванов","Амир","Ренатович","м","25.11.2010","нет",6,6,50,null,50,100,"призер","нет","Бакиров Радик Флоридович","МБОУ \"Актанышская СОШ №2 с углубленным изучением отдельных предметов\"","Математика"]
[100,"134002_16948543121_34","МБОУ \"Актанышская СОШ №2 с углубленным изучением отдельных предметов\"",16948543121,"Шакурова","Алина","Илгизаровна","ж","28.11.2011","нет",6,6,60,null,60,100,"призер","нет","Бакиров Радик Флоридович","МБОУ \"Актанышская СОШ №2 с углубленным изучением отдельных предметов\"","Математика"]
[101,"134002_16205751848_34","МБОУ \"Актанышская СОШ №2 с углубленным изучением отдельных предметов\"",16205751848,"Шакиров","Ильдан","Ильгамович","м","11.09.2010","нет",6,6,55,null,55,100,"призер","нет","Бакиров Радик Флоридович","МБОУ \"Актанышская СОШ №2 с углубленным изучением отдельных предметов\"","Математика"]
[102,"134002_16359475907_34","МБОУ \"Актанышская СОШ №2 с углубленным изучением отдельных предметов\"",16359475907,"Галимова","Юлия","Салаватовна","ж","13.12.2010","нет",6,6,45,null,45,100,"участник","нет","Бакиров Рузиль Флоридович","МБОУ \"Актанышская СОШ №2 с углубленным изучением отдельных предметов\"","Математика"]
[103,134002,"МБОУ \"Актанышская СОШ №2 с углубленным изучением отдельных предметов\"",16852623795,"Шайхразиев","Альмир","Алмазович","м","2011-07-11","нет",6,6,55,null,55,100,"призер","нет","Бакиров Рузиль Флоридович","МБОУ \"Актанышская СОШ №2 с углубленным изучением отдельных предметов\"","Математика"]
[104,"134018_17043017424_34","МБОУ \"Атясевская ООШ\"",17043017424,"Хабибуллина","Динара","Радифовна","ж","2008-05-29","нет",6,6,12,null,12,100,"участник","нет","Гатина Резеда Фирдависовна","МБОУ \"Атясевская ООШ\"","Математика"]
[105,"134004_16697292227_34","МБОУ \"Байсаровская ООШ\"  ","16697292227","Хайбрянова","Рузалина","Рузилевна","ж","2011-05-11","нет",6,6,35,null,35,100,"участник","нет","Разова Римма Миргаязовна","МБОУ \"Байсаровская ООШ\"  ","Математика"]
[106,"134004_16451127952_34","МБОУ \"Байсаровская ООШ\"  ","16451127952","Габдрахимов","Самат","Данисович","м","2011-03-10","нет",6,6,9,null,9,100,"участник","нет","Разова Римма Миргаязовна","МБОУ \"Байсаровская ООШ\"  ","Математика"]
[107,"134023_16651295583_34","МБОУ \"Кузякинская ООШ\"",16651295583,"Мирзанурова","Алия","Айдаровна","ж","25.05.2011","нет",6,6,10,null,10,100,"участник","нет","Хабибуллина Аниса Тависовна","МБОУ \"Кузякинская ООШ\"","Математика"]
[108,"132007_16753845912_34","МБОУ \"Мари-Суксинская ООШ\" ","16753845912","Суарметова ","Марианна","Эдуардовна","ж","2011-06-08","нет",6,6,7,null,"7",100,"участник","нет","Галиуллина Наиля Ингеловна","МБОУ \"Мари-Суксинская ООШ\" ","Математика"]
[109,134025,"МБОУ \"Новоалимовская ООШ\"",16850672899,"Муллахметов","Ренат","Радикович","м","2011-09-07","нет",6,6,42,null,42,100,"участник","да","Якупова Фидания Ягудовна","МБОУ \"Новоалимовская ООШ\"","Математика"]
[110,"134010","МБОУ \"Поисевская СОШ\"","16697292631","Ахмадиева","Алина","Сириновна","ж","2011-05-20","нет",6,6,18,null,18,100,"участник","нет","Хабетдинова Альфира Рифкатовна","МБОУ \"Поисевская СОШ\"","Математика"]
[111,"134010","МБОУ \"Поисевская СОШ\"","16458945112","Фазуллин","Данияр","Айзатович","м","2011-03-14","нет",6,6,10,null,10,100,"участник","нет","Хабетдинова Альфира Рифкатовна","МБОУ \"Поисевская СОШ\"","Математика"]
[112,"134010_16874002078_","МБОУ \"Поисевская СОШ\"","16874002078","Хузятов","Рамазан ","Раилович","м","2011-10-10","нет",6,6,5,null,5,100,"участник","нет","Хабетдинова Альфира Рифкатовна","МБОУ \"Поисевская СОШ\"","Математика"]
[113,"134009_19960891544_34","МБОУ \"Старокурмашевская ООШ\"",19960891544,"Гарифуллина","Румия","Радисовна","ж","29.09.2011","нет",6,6,12,null,12,100,"участник","нет","Фазлыева Лейсан Мирфаязовна","МБОУ \"Старокурмашевская ООШ\"","Математика"]
[114,"134009_16595728726_34","МБОУ \"Старокурмашевская ООШ\"",16595728726,"Рахматуллина","Замира","Фарсилевна","ж","11.05.2011","нет",6,6,5,null,5,100,"участник","нет","Фазлыева Лейсан Мирфаязовна","МБОУ \"Старокурмашевская ООШ\"","Математика"]
[115,"134012_17940663705_34","МБОУ \"Такталачукская ООШ\"",17940663705,"Мухтаров"," Самат ","Азатович","м","2011-06-21","нет",6,6,2,null,2,100,"участник","нет","Гильфанова Алсу Махияновна","МБОУ \"Такталачукская ООШ\"","Математика"]
[116,"134012_16651412056_34","МБОУ \"Такталачукская ООШ\"",16651412056,"Ягудин"," Ризван ","Русланович","м","2011-05-30","нет",6,6,25,null,25,100,"участник","нет","Гильфанова Алсу Махияновна","МБОУ \"Такталачукская ООШ\"","Математика"]
[117,"134033_17038285064_34","МБОУ \"Чуракаевская ООШ\"",17038285064,"Мингазова","Ралия","Салаватовна","ж","2011-07-04","нет",6,6,60,null,60,100,"призер","нет","Хайдарова Гульназ Вилевна","МБОУ \"Чуракаевская ООШ\"","Математика"]
[118,"134017_16794452720_34","МБОУ \"Аккузовская ООШ\"",16794452720,"Шайдуллина","Назлыгуль","Рамилевна","ж","18.08.2011","нет",6,6,0,null,0,100,"участник","нет","Шавалиев Дилус Мирзасалихович","МБОУ \"Аккузовская ООШ\"","Математика"]
[119,"134024_16756633003_34","МБОУ \"Минняровская ООШ\"",16756633003,"Сахаутдинова","Милена","Сергеевна","ж","07.17.2011","нет",6,6,16,null,16,100,"участник","нет","Камалова Милауша Наиловна","МБОУ \"Минняровская ООШ\"","Математика"]